001720000a220007300045001000019000002450020000193000034000397730025000731 aClaydon, Robyn10aWomen's network aNúm 79 (1997), Páginas 160 tWorld Evangelization